PSYCHOLOGY EXPRESS: CONCEPTUAL AND HISTORICAL ISSUES IN PSYCHOLOGY (Record no. 15072)
[ view plain ]
| 000 -LEADER | |
|---|---|
| fixed length control field | 00299nam a22001217a 4500 |
| 003 - CONTROL NUMBER IDENTIFIER | |
| control field | SGT |
| 082 ## - DEWEY DECIMAL CLASSIFICATION NUMBER | |
| Classification number | 150 |
| Item number | P14H |
| 100 ## - MAIN ENTRY--PERSONAL NAME | |
| Personal name | HUGHES.BRIAN M. |
| 245 ## - TITLE STATEMENT | |
| Title | PSYCHOLOGY EXPRESS: CONCEPTUAL AND HISTORICAL ISSUES IN PSYCHOLOGY |
| 260 ## - PUBLICATION, DISTRIBUTION, ETC. (IMPRINT) | |
| Place of publication, distribution, etc | INDIA |
| Name of publisher, distributor, etc | PERSON |
| Year of Publication | 2014 |
| 300 ## - PAGE DESCRIPTION | |
| No. of Pages | 205 |
| 942 ## - ADDED ENTRY ELEMENTS (KOHA) | |
| Source of classification or shelving scheme | Dewey Decimal Classification |
| Koha item type | Books |
| 942 ## - ADDED ENTRY ELEMENTS (KOHA) | |
| -- | 2 |
| Withdrawn status | Lost status | Source of classification or shelving scheme | Damaged status | Not for loan | Collection code | Home library | Current library | Shelving location | Date acquired | Vendor Name | SGTU | Bill Number | Total Checkouts | Full call number | Accession No. (Barcode) | Date last seen | Date last borrowed | Bill Date | Koha item type |
|---|---|---|---|---|---|---|---|---|---|---|---|---|---|---|---|---|---|---|---|
| Dewey Decimal Classification | MEDICAL | SGT Engineering Library | SGT Engineering Library | Text Book | 05/02/2018 | ABC | SGTU | 9089 | 2 | 150 P14H | FM10401 | 21/09/2019 | 19/09/2019 | 13/12/2017 | Books | ||||
| Dewey Decimal Classification | MEDICAL | SGT Engineering Library | SGT Engineering Library | Text Book | 05/02/2018 | ABC | SGTU | 9089 | 1 | 150 P14H | FM10402 | 06/02/2024 | 24/01/2024 | 13/12/2017 | Books | ||||
| Dewey Decimal Classification | MEDICAL | SGT Engineering Library | SGT Engineering Library | Text Book | 05/02/2018 | ABC | SGTU | 9089 | 2 | 150 P14H | FM10403 | 13/10/2025 | 13/10/2025 | 13/12/2017 | Books | ||||
| Dewey Decimal Classification | MEDICAL | SGT Engineering Library | SGT Engineering Library | Text Book | 05/02/2018 | ABC | SGTU | 9089 | 150 P14H | FM10404 | 05/02/2018 | 13/12/2017 | Books | ||||||
| Dewey Decimal Classification | MEDICAL | SGT Medical Library | SGT Medical Library | Text Book | 05/02/2018 | ABC | SGTU | 9089 | 150 P14H | FM10405 | 05/02/2018 | 13/12/2017 | Books |